| 000 | 01331cam a2200337 a 4500 | ||
|---|---|---|---|
| 001 | 14791296 | ||
| 005 | 20170105102849.0 | ||
| 008 | 070330s2007 at b 001 0deng | ||
| 010 | _a 2007386822 | ||
| 020 | _a9780522853339 (pbk.) | ||
| 020 | _a0522853331 (pbk.) | ||
| 037 | _b187 Grattan Street, Carlton VIC 3053 | ||
| 040 |
_aANL _beng _cDLC _dANL _dDLC |
||
| 042 | _alccopycat | ||
| 043 | _an-us--- | ||
| 050 | 0 | 0 |
_aHV8599.U6 _bO88 2007 |
| 082 | 0 | 4 |
_a323.490973 _222 |
| 100 | 1 | _aOtterman, Michael. | |
| 245 | 1 | 0 |
_aAmerican torture : _bfrom the Cold War to Abu Ghraib and beyond / _cMichael Otterman. |
| 260 |
_aCarlton, Vic. : _bMelbourne University Press, _c2007. |
||
| 300 |
_ax, 285 p. ; _c24 cm. |
||
| 504 | _aIncludes bibliographical references (p. [249]-272) and index. | ||
| 650 | 0 |
_aTorture _zUnited States. |
|
| 650 | 0 |
_aTorture _xGovernment policy _zUnited States. |
|
| 650 | 0 |
_aTorture _xGovernment policy _zUnited States _xHistory _y20th century. |
|
| 650 | 0 |
_aPrisoners of war _xAbuse of _zUnited States. |
|
| 856 | 4 | 1 |
_3Table of contents only _uhttp://www.loc.gov/catdir/toc/fy0710/2007386822.html |
| 906 |
_a7 _bcbc _ccopycat _d2 _encip _f20 _gy-gencatlg |
||
| 942 |
_2ddc _cBK |
||
| 999 |
_c14185 _d14185 |
||